|
|
|
|
| LEADER |
01187nam a2200385 4500 |
| 001 |
DLU090096936 |
| 005 |
##20091201 |
| 040 |
# |
# |
|a DLU
|b eng
|
| 041 |
# |
# |
|a eng
|
| 044 |
# |
# |
|a us
|
| 245 |
# |
# |
|a Coupling capillary electrochromatography with electrospray fourier transform mass spectrometry for characterizing complex oligosaccharide pools /
|c Amy H. Que ... [et al.].
|
| 653 |
# |
# |
|a Capillary electrophoresis
|
| 653 |
# |
# |
|a Electrochromatography
|
| 653 |
# |
# |
|a Electrospray
|
| 653 |
# |
# |
|a Enzyme
|
| 653 |
# |
# |
|a Esterases
|
| 653 |
# |
# |
|a Ion cyclotron resonance
|
| 653 |
# |
# |
|a Mass spectrometry
|
| 653 |
# |
# |
|a Oligosaccharide
|
| 700 |
# |
# |
|a Clemmer, David E.
|
| 700 |
# |
# |
|a Huang, Yunping.
|
| 700 |
# |
# |
|a Mechref, Yehia.
|
| 700 |
# |
# |
|a Novotny, Milos V.
|
| 700 |
# |
# |
|a Que, Amy H.
|
| 700 |
# |
# |
|a Taraszka, John A.
|
| 773 |
# |
# |
|t Analytical Chemistry
|g Vol. 75, no. 7 (April 2003), p. 1684-1690
|
| 920 |
# |
# |
|a Phòng Tạp chí -- Trung tâm Thông tin - Thư viện Trường Đại học Đà Lạt
|
| 994 |
# |
# |
|a DLU
|
| 900 |
# |
# |
|a True
|
| 911 |
# |
# |
|a Trương Bảo Trâm Anh
|
| 925 |
# |
# |
|a G
|
| 926 |
# |
# |
|a A
|
| 927 |
# |
# |
|a BB
|
| 980 |
# |
# |
|a Thư viện Trường Đại học Đà Lạt
|